Normal view
MARC view
- قانون العقوبات -- الأردن -- جرائم الرشوة -- التزوير-- جرائم السرقة -- القانون الجنائي -- الأردن -- جرائم الأموال -- الأردن
Entry Topical Term
001 - CONTROL NUMBER
- control field: 25087
003 - CONTROL NUMBER IDENTIFIER
- control field: JO-AjAnu
005 - DATE AND TIME OF LATEST TRANSACTION
- control field: 20230606074306.0
008 - FIXED-LENGTH DATA ELEMENTS
- fixed length control field: 230606|| aca||aabn | a|a d
040 ## - CATALOGING SOURCE
- Original cataloging agency: JO-AjAnu
- Transcribing agency: JO-AjAnu
150 ## - HEADING--TOPICAL TERM
- Topical term or geographic name entry element: قانون العقوبات -- الأردن -- جرائم الرشوة -- التزوير-- جرائم السرقة -- القانون الجنائي -- الأردن -- جرائم الأموال -- الأردن
670 ## - SOURCE DATA FOUND
- Source citation: Work cat.: (JO-AjAnu)12905: نجم ، محمد صبحي, author 25086, قانون العقوبات : القسم الخاص - الجرائم المخلة بالمصلحة العامة والثقة العامة والجرائم الواقعة على الأموال وملحقاتها